000 00258nam a22001217a 4500
008 170713b xxu||||| |||| 00| 0 eng d
041 _aeng
080 _a17
100 _a24
101 _aFIL
245 _aPRINCIPIA ETHICA
_cMOORE.G.E
942 _2udc
_cBK
999 _c20560
_d20560